00999 a2200169 45000010006000000050017000060080041000230030015000640400040000790800387001192450025005062640038005313000024005695050213005930410008008061000015008145455420260407155819.0260407a1951 arg spa dAR-UNSa-BCEJYS aAR-UNSa-BCEJYSbspacAR-UNSa-BCEJYS a330.101.8xClasificación y subdivisiones de la economía. Teórica, práctica. Pura, aplicada. General, especial. Relación de la economía con la teoría de la economía política. Interrelaciones de economía política, economía privada, economía de la empresa (economía comercial). Relación de la economía política general y especial. Economía sectorial10aManagerial economics 1aNew Jersey :bPrentice-Hallc1951 axiv, 621 p.c23 cm. a1. Profits – 2. Competition – 3. Multiple products – 4. Demand analysis – 5. Cost – 6. Advertising – 7. Basic Price – 8. Procut line pricing – 9. Price diferentials – 10. Capital budgeting.  aspa1 aDean, Joel